02271nam a22002777a 450000500170000000800410001702000180005804000070007604100120008308200180009510000260011324500260013925000070016526000650017230000270023736500570026452013360032165000310165765000320168865000390172065000290175970000320178894200120182099900190183295201420185120260404123317.0260404b |||||||| |||| 00| 0 eng d a9789339204457 cAL aEnglish a174.962bMARE aMike W Martin9260212 aEthics in engineering a4. aChennaibMcGraw Hill Education (India) Private Limitedc2018 axi,340p.bPBc23x15cm. aVBI-2645b₹543.75c₹d₹725.00e25%f20-02-2026 aNow in its fourth edition, Martin and Schinzinger's Ethics in Engineering provides an introduction to the key issues in engineering ethics, taking account of both specific organizational contexts and broader technological trends. Current and thorough, it promotes critical thinking and discussion about moral and ethical issues that engineers face. The up-to-date content provides real world examples and cases and by offering a framework for understanding ethical dilemmas within engineering, prepares readers for issues they will confront in their careers.Key Features:Updated case studies are provided throughout the book to further support the concepts presented. The appendix contains additional pedagogical resources, as well as sample codes of ethics, to give additional real-world perspective to the reader. The book provides the important connections between the choices made by individuals and corporations with broader social concerns.Table of Contents:Chapter 1: Ethics and Professionalism Chapter 2: Moral Reasoning and Codes of Ethics Chapter 3: Moral Frameworks Chapter 4: Engineering as Social Experimentation Chapter 5: Commitment to Safety Chapter 6: Workplace Responsibilities and Rights Chapter 7: Honesty Chapter 8: Environmental Ethics Chapter 9: Global Issues Chapter 10: Engineers and Technological Progress aEngineering Ethics9260186 aProfessional Ethics9260187 aTechnology and Engineering9260188 aBusiness Ethics 9260189 aSchinzinger, Roland9260193 2ddccBK c241122d241122 00102ddc40708GENaSEbSEd2026-03-27eVidyarthi Booksg543.75l0o174.962 MAREpSE000405r2026-04-04 11:34:27v725.00w2026-02-20yBK